Science Quiz

Random Science or Biology Quiz

Find the Fungus Quiz Stats

Quiz Updated Sep 9, 2016

Also try: Animal Homonyms
Challenge
Share
Tweet
Score 0/25 Timer 10:00
3 Plays Today
% Correct
violet coral fungus
76.5%
pink oyster mushroom
72.4%
umber-brown puffball
69%
sky blue mushroom
64.7%
bleeding tooth fungus
63.2%
bearded tooth mushroom
62.4%
rounded earthstar
61.5%
yellow coral fungus
61.4%
orange peel fungus
60.6%
orange pore fungus
60.1%
devil's urn
59%
common morel
58.4%
jelly cup
57.7%
% Correct
map lichen
57.5%
indigo milk cap
52.5%
chicken-of-the-woods
47.3%
golden jelly fungus
46.8%
fly agaric
46.8%
sea anemone fungus
45.1%
wolf lichen
44.9%
latticed stinkhorn
44.5%
death cap
43.7%
turkey tail
41.7%
ghost fungus
37.3%
magic mushroom
36.9%

You're not logged in!

Compare scores with friends on all Sporcle quizzes.
Sign Up with Email
OR
Log In

You Might Also Like...

Show Comments

Extras

Top Quizzes Today


Score Distribution

Your Account Isn't Verified!

In order to create a playlist on Sporcle, you need to verify the email address you used during registration. Go to your Sporcle Settings to finish the process.